| 000 | 00847nam a2200229 a 4500 | ||
|---|---|---|---|
| 003 | SEM | ||
| 005 | 20220608073047.0 | ||
| 008 | 031111s1987 ai 000 | arm d | ||
| 040 |
_aՍԷՄ _cՍԷՄ |
||
| 041 | 0 | _aarm. | |
| 100 | 0 | _aՄալխաս | |
| 245 | 1 | 0 |
_aԶարթօնք / _cՄալխաս. |
| 250 | _aԳ. տպագրություն | ||
| 260 |
_aՊէյրութ: _bՀամազգայինի Վահէ Սէթեան տպ., _c1987-1991. |
||
| 300 |
_aՀ.; _bնկ., _c24 սմ. |
||
| 505 |
_aՀ. Ա - _g1987. - 447 էջ _t |
||
| 505 |
_aՀ. Բ - _g1988. - 538 էջ _t |
||
| 505 |
_aՀ. Գ և Դ - _g1991. - 638 [216] էջ _t |
||
| 650 | 1 | 4 |
_aՍփյուռքահայ գրականություն _xքաղաքական վեպ _y19-րդ դ. |
| 650 | 1 | 4 |
_aՀայ գրականություն _xվեպ _xհեղափոխական շարժում |
| 942 |
_2udc _cBK |
||
| 999 |
_c63948 _d63948 |
||